Blood, Bones and Body Bits / (Record no. 5110)

MARC details
000 -LEADER
fixed length control field 00983nam a22002897a 4500
001 - CONTROL NUMBER
control field 5110
003 - CONTROL NUMBER IDENTIFIER
control field FISKH
005 - DATE AND TIME OF LATEST TRANSACTION
control field 20241107103234.0
008 - FIXED-LENGTH DATA ELEMENTS--GENERAL INFORMATION
fixed length control field 241106b cb ||||| |||| 00| 0 eng d
020 ## - INTERNATIONAL STANDARD BOOK NUMBER
International Standard Book Number 9780439944496
040 ## - CATALOGING SOURCE
Original cataloging agency FISKH
Language of cataloging eng
Transcribing agency FISKH
Modifying agency FISKH
050 ## - LIBRARY OF CONGRESS CALL NUMBER
Classification number PZ10.A664
082 ## - DEWEY DECIMAL CLASSIFICATION NUMBER
Classification number 612
100 ## - MAIN ENTRY--PERSONAL NAME
Personal name Arnold, Nick
245 ## - TITLE STATEMENT
Title Blood, Bones and Body Bits /
Statement of responsibility, etc. by Nick Arnold : illustrated by Tony De Saulles
260 ## - PUBLICATION, DISTRIBUTION, ETC.
Place of publication, distribution, etc. New York :
Name of publisher, distributor, etc. Scholastic ;
Date of publication, distribution, etc. 1996.
300 ## - PHYSICAL DESCRIPTION
Extent 171 pages :
Other physical details illustrations ;
Dimensions 21 cm .
490 ## - SERIES STATEMENT
Series statement Horrible Science
505 ## - FORMATTED CONTENTS NOTE
Formatted contents note Q <br/>
520 ## - SUMMARY, ETC.
Summary, etc. Science with the squishy bits left in! Are you dying to find out where your food goes? What happens when a boil bursts? Why dead people need a haircut? Which animals live on your eyelashes?
521 8# - TARGET AUDIENCE NOTE
Target audience note 890 <br/>
Source Lexile <br/>
521 8# - TARGET AUDIENCE NOTE
Target audience note Q <br/>
Source Raz-Plus <br/>
650 ## - SUBJECT ADDED ENTRY--TOPICAL TERM
Topical term or geographic name entry element human body
Form subdivision non-fiction
700 ## - ADDED ENTRY--PERSONAL NAME
Personal name Saulles, Tony De
Relator term illustrator
942 ## - ADDED ENTRY ELEMENTS (KOHA)
Source of classification or shelving scheme Dewey Decimal Classification
Koha item type Books
Suppress in OPAC No
Holdings
Withdrawn status Lost status Source of classification or shelving scheme Damaged status Not for loan Collection Home library Current library Shelving location Date acquired Total Checkouts Full call number Barcode Date last seen Copy number Price effective from Koha item type
    Dewey Decimal Classification     Non-Fiction Footprints International School Library Network Toul Kork Campus Footprints International School Library Network Toul Kork Campus TTP Secondary Non-Fiction Bookshelves 11/06/2024   ARN 612 PZ10.A664 FISSE00047 11/06/2024 1 11/06/2024 Books
    Dewey Decimal Classification     Non-Fiction Footprints International School Library Network Toul Kork Campus Footprints International School Library Network Toul Kork Campus TTP Secondary Non-Fiction Bookshelves 11/06/2024   ARN 612 PZ10.A664 FIS01131 11/06/2024 2 11/06/2024 Books